000 00848nas a2200265 4500
001 BR0100477
003 BR-BrBNA
005 20231205102032.0
007 ta
008 230509b bl.|||p| |||| 00| 00por d
040 _aBR-BrBNA
_bpor
_cBiblioteca Nacional de Agricultura
041 _a(Pt)
072 _aF30
100 1 _aOliveira, R.P. de
100 1 _aNovelli, V.M.
100 1 _aMachado, M.A.
245 1 _aFrequencia de hibridos em cruzamento entre tangerina "Cravo" e laranja "Pera": analise de marcadores morfologicos e RAPD
650 _aTangerina Cravo
650 _aLaranja Pera
650 _aHibrido
650 _aCruzamento Vegetal
773 0 _tPesquisa Agropecuaria Brasileira (Brazil)
_xISSN 0100-204X
_g(Sep 2000), v. 35(9) p. 1895-1903
_wBR0100477
909 _a202311
_bLúcia
_c55
_dLúcia Elande
942 _2AGRIS
_n0
_cANA
999 _c165373
_d165373